Fictional Characters by Pictures - A - Statistics

General Stats
  • This quiz has been taken 86 times
  • The average score is 13 of 35
Answer Stats
Picture Answer % Correct
Aladdin
95%
Ariel
95%
Alvin
94%
Alice
91%
Anna
87%
Aquaman
77%
Arthur
77%
Albus Dumbledore
73%
Anakin Skywalker
65%
Asterix
65%
Aurora
62%
Annabelle
58%
Aslan
58%
Aang
56%
Amélie
38%
Angela
22%
Archie Andrews
21%
Alex Russo
15%
Arthur Fleck
14%
Alice Cullen
13%
Anton Ego
12%
Amy Duncan
10%
Austin Moon
10%
Ally Dawson
9%
Aisha
8%
Anne Shirley
8%
Amber and Ashley
6%
Anastasia Steele
6%
André Harris
6%
Anna Karenina
6%
Alison DiLaurentis
5%
Amenadiel
5%
Aria Montgomery
5%
Allie Hamilton
4%
Abby Jensen
1%
No matching quizzes found
Score Distribution
Percent of People with Each Score
Percentile by Number Answered
Your Score History
You have not taken this quiz